|
|
|
|
| LEADER |
01074nam a2200301 a 4500 |
| 001 |
000545456 |
| 003 |
CZ BrMZK |
| 005 |
20090113155910.0 |
| 007 |
ta |
| 008 |
010907s2000 xr g 000 f cze |
| 015 |
|
|
|a cnb000983607
|
| 020 |
|
|
|a 80-7198-440-X
|
| 035 |
|
|
|a (OCoLC)50554408
|
| 040 |
|
|
|a BOA001
|b cze
|
| 072 |
|
7 |
|a 821.162.3-3
|x Česká próza
|2 Konspekt
|9 25
|
| 080 |
|
|
|a 821.162.3-3
|2 MRF
|
| 080 |
|
|
|a (0:82-3)
|2 MRF
|
| 100 |
1 |
|
|a Vokolek, Václav,
|d 1947-
|7 jn19981002344
|4 aut
|
| 245 |
1 |
0 |
|a Okolím Bábelu :
|b malý průvodce po bludných cestách /
|c Václav Vokolek
|
| 260 |
|
|
|a Olomouc :
|b Votobia,
|c 2000
|
| 300 |
|
|
|a 254 s. ;
|c 21 cm
|
| 490 |
1 |
|
|a Edice českých autorů
|
| 655 |
|
7 |
|a české prózy
|7 fd133972
|2 czenas
|
| 830 |
|
0 |
|a Edice českých autorů (Votobia)
|0 s
|
| 856 |
4 |
1 |
|u http://www.digitalniknihovna.cz/mzk/uuid/uuid:658f7c00-a474-11e2-9a9f-005056827e51
|y Digitalizovaný dokument
|x NDK
|
| 910 |
|
|
|a BOA001
|b 2-1080.637
|
| 990 |
|
|
|a BK
|
| 996 |
6 |
|
|b 2610127140
|c 2-1080.637
|l MZK
|r Sklad / do 1 hodiny
|n 16
|p p.v.
|w 000545456
|u 000010
|a 1
|e BOA001
|j MZK50
|s P
|